ბათუმის შოთა რუსთაველის სახელმწიფო უნივერსიტეტის ბიბლიოთეკა

მანიპულაციის ენობრივი საშუალებები პოლიტიკურ დისკურსში / (ბიბ.ჩანაწერი № 58080)

000 -ლიდერი
ფიქსირებული სიგრძის საკონტროლო ველი 01855nam a22002417a 4500
003 - საკონტროლო ნომრის იდენტიფიკატორი
საკონტროლო ველი Ge_BSU
005 - ბოლო ოპერაციის თარიღი და დრო
საკონტროლო ველი 20220729135611.0
008 - ფიქსირებული სიგრძის მონაცემთა ელემენტები - ზოგადი ინფორმაცია
ფიქსირებული სიგრძის საკონტროლო ველი 210609s2021 ge ||||| |||| 00| 0 geo d
041 ## - ენის კოდი
Language code of text/sound track or separate title geo
080 ## - უნივერსალური ათობითი კლასიფიკაციის ინდექსი
Universal Decimal Classification number 81 ბ-37
100 ## - მთავარი ჩანაწერი - პიროვნების სახელი
Personal name ბახტაძე, ნუნუ
9 (RLIN) 11999
245 ## - ცნობა სათაურის შესახებ
Title მანიპულაციის ენობრივი საშუალებები პოლიტიკურ დისკურსში /
Statement of responsibility, etc ნუნუ ბახტაძე; სამეცნიერო ხელმძღვანელი ნანა სტამბოლიშვილი; ბათუმის შოთა რუსთაველის სახელმწიფო უნივერსიტეტი. ჰუმანიტარულ მეცნიებათა ფაკულტეტი. ევროპეისტიკის დეპარტამენტი.
264 ## - წარმოების, გამოცემის, დისტრიბუციის და სხვა ცნობები
გამოცემის, წარმოების, დისტრიბუციის... ადგილი ბათუმი,
გამოცემის, წარმოების, დისტრიბუციის... თარიღი 2021.
300 ## - ფიზიკური აღწერა
Extent 151 გვ.;
Other physical details 30 სმ
500 ## - ზოგადი შენიშვნა
General note გლოსარი გვ. 1-90
504 ## - BIBLIOGRAPHY, ETC. NOTE
Bibliography, etc ბიბლიოგრ. გვ. 143 - 150
653 ## - INDEX TERM--UNCONTROLLED
Uncontrolled term მანიპულაციის ენობრივი საშუალებები პოლიტიკურ დისკურსში
653 ## - INDEX TERM--UNCONTROLLED
Uncontrolled term ფილოლოგია
653 ## - INDEX TERM--UNCONTROLLED
Uncontrolled term დისერტაცია
700 ## - ADDED ENTRY--PERSONAL NAME
Personal name სტამბოლიშვილი, ნანა
Relator term სამეცნიერო ხელმძღვანელი
9 (RLIN) 12000
710 ## - ADDED ENTRY--CORPORATE NAME
Corporate name or jurisdiction name as entry element ბათუმის შოთა რუსთაველის სახელმწიფო უნივერსიტეტი.
Subordinate unit ჰუმანიტარულ მეცნიებათა ფაკულტეტი. ევროპეისტიკის დეპარტამენტი.
9 (RLIN) 12001
942 ## - ADDED ENTRY ELEMENTS (KOHA)
Source of classification or shelving scheme
Koha item type დისერტაცია
ეგზემპლარები
ჩამოწერის სტატუსი დაკარგული ეგზემპლარის სტატუსი კლასიფიკაციის წყარო ან თაროზე გაწყობის სქემა დაზიანების სტატუსი არ გაიცემა მუდმივი მდებარეობა (დაცვის ადგილი) ამჟამინდელი ადგილსამყოფელი შეძენის თარიღი სრული შენახვის შიფრი შტრიხკოდი ბოლო ოპერაციის თარიღი ეგზემპლარის მიმდევრობითი ნომერი (კეტერი?) ფასის ძალაში შესვლის თარიღი ეგზემპლარის სახეობა
        შიდა ფონდი ბათუმის შოთა რუსთაველის სახელმწიფო უნივერსიტეტის მთავარი ბიბლიოთეკა ბათუმის შოთა რუსთაველის სახელმწიფო უნივერსიტეტის მთავარი ბიბლიოთეკა 2021-06-09 81 ბ-37 371 დისერტ. 2021-06-09 371 2021-06-09 დისერტაცია